[Event "Khanty-Mansiysk TOP 28 Blitz GP"]
[Site "Khanty-Mansiysk"]
[Date "2023.12.04"]
[Round "13"]
[White "Vastrukhin, Oleg"]
[Black "Iljiushenok, Ilia"]
[Result "0-1"]
[WhiteElo "2343"]
[BlackElo "2547"]
[PlyCount "58"]
[EventDate "2023.12.04"]
[EventType "tourn (blitz)"]
[EventRounds "13"]
[EventCountry "RUS"]
[EventCategory "10"]
[SourceTitle "CB49_2023"]
[SourceDate "2023.12.06"]
[SourceVersion "1"]
[SourceVersionDate "2023.12.06"]
[SourceQuality "1"]

1. e4 e5 2. Nf3 Nc6 3. Bc4 Nf6 4. d3 Bc5 5. c3 d6 6. Nbd2 a6 7. Bb3 Ba7 8. h3 0-0 9. 0-0 Ne7 10. Re1 Ng6 11. Nf1 Nh5 12. Be3 Nhf4 13. Ng3 h6 14. d4 Qf6 15. Kh2 Be6 16. dxe5 dxe5 17. Bxe6 Nxe6 18. Bxa7 Rxa7 19. Nf5 Rd8 20. Qb3 b6 21. Rad1 Raa8 22. a4 a5 23. Qc4 Nc5 24. b4 Qe6 25. Qb5 Rxd1 26. Rxd1 Nxe4 27. Ng3 Nxc3 28. Qd7 Nxd1 29. Qxd1 axb4 0-1

[Event "Khanty-Mansiysk TOP 28 Blitz GP"]
[Site "Khanty-Mansiysk"]
[Date "2023.12.04"]
[Round "8"]
[White "Zakhartsov, Vladimir"]
[Black "Vastrukhin, Oleg"]
[Result "1-0"]
[WhiteElo "2509"]
[BlackElo "2343"]
[PlyCount "123"]
[EventDate "2023.12.04"]
[EventType "tourn (blitz)"]
[EventRounds "13"]
[EventCountry "RUS"]
[EventCategory "10"]
[SourceTitle "CB49_2023"]
[SourceDate "2023.12.06"]
[SourceVersion "1"]
[SourceVersionDate "2023.12.06"]
[SourceQuality "1"]

1. e4 e6 2. d4 d5 3. Nd2 a6 4. Bd3 Bd7 5. Qe2 dxe4 6. Nxe4 Nf6 7. Nf3 Bc6 8. Bg5 Nbd7 9. 0-0-0 Be7 10. h4 h6 11. Bxf6 Nxf6 12. Kb1 Nxe4 13. Bxe4 Bxe4 14. Qxe4 Qd5 15. Qe2 0-0-0 16. Ne5 Rhf8 17. g3 Bf6 18. Nf3 c5 19. dxc5 Qxc5 20. Nd2 Qb4 21. Nb3 Rxd1+ 22. Rxd1 Rd8 23. a3 Qb6 24. Rxd8+ Kxd8 25. Ka2 Kc8 26. c3 Kb8 27. Nd2 Qc6 28. Qd3 Qg2 29. Qd6+ Ka7 30. Qc5+ Kb8 31. Nb3 Qf3 32. Qf8+ Ka7 33. Qc5+ Kb8 34. Nd2 Qd5+ 35. Qxd5 exd5 36. Kb3 Kc7 37. Kc2 Kd6 38. Kd3 h5 39. a4 Bd8 40. Nf3 Bb6 41. Ke2 f6 42. Ne1 g5 43. Nf3 Bd8 44. Nd4 Ke5 45. Ke3 Bb6 46. f4+ gxf4+ 47. gxf4+ Kd6 48. a5 Ba7 49. Kd3 Bxd4 50. Kxd4 Kc6 51. b3 Kd6 52. b4 Kc6 53. c4 dxc4 54. Kxc4 Kd6 55. b5 f5 56. bxa6 bxa6 57. Kd4 Kc6 58. Ke5 Kb5 59. Kxf5 Kxa5 60. Kg6 Kb6 61. f5 a5 62. f6 1-0

[Event "Khanty-Mansiysk TOP 28 Rapid GP"]
[Site "Khanty-Mansiysk"]
[Date "2023.12.03"]
[Round "12"]
[White "Makarian, Rudik"]
[Black "Vastrukhin, Oleg"]
[Result "1-0"]
[WhiteElo "2552"]
[BlackElo "2343"]
[PlyCount "69"]
[EventDate "2023.12.01"]
[EventType "tourn (rapid)"]
[EventRounds "13"]
[EventCountry "RUS"]
[EventCategory "10"]
[SourceTitle "CB49_2023"]
[SourceDate "2023.12.06"]
[SourceVersion "1"]
[SourceVersionDate "2023.12.06"]
[SourceQuality "1"]

1. d4 g6 2. c4 Bg7 3. Nf3 f5 4. g3 Nf6 5. Bg2 0-0 6. 0-0 d6 7. Nc3 Nc6 8. d5 Ne5 9. Nxe5 dxe5 10. e4 f4 11. gxf4 Nh5 12. f5 Nf4 13. Bxf4 exf4 14. Kh1 gxf5 15. Rg1 Kh8 16. Qh5 Qd6 17. Rae1 Bd7 18. Bh3 Be8 19. Qf3 fxe4 20. Nxe4 Qh6 21. Nc5 Bf6 22. Ne6 Bh5 23. Bg4 Bxg4 24. Rxg4 Rg8 25. Qxf4 Qh3 26. Rxg8+ Rxg8 27. Rg1 Rxg1+ 28. Kxg1 Qd3 29. b3 Qb1+ 30. Kg2 Qg6+ 31. Qg3 Qe4+ 32. f3 Qc2+ 33. Kh3 Qf5+ 34. Qg4 Qe5 35. Nd8 1-0

[Event "Khanty-Mansiysk TOP 28 Rapid GP"]
[Site "Khanty-Mansiysk"]
[Date "2023.12.02"]
[Round "9"]
[White "Zakhartsov, Vladimir"]
[Black "Vastrukhin, Oleg"]
[Result "1-0"]
[WhiteElo "2525"]
[BlackElo "2343"]
[PlyCount "89"]
[EventDate "2023.12.01"]
[EventType "tourn (rapid)"]
[EventRounds "13"]
[EventCountry "RUS"]
[EventCategory "10"]
[SourceTitle "CB49_2023"]
[SourceDate "2023.12.06"]
[SourceVersion "1"]
[SourceVersionDate "2023.12.06"]
[SourceQuality "1"]

1. e4 e6 2. d4 d5 3. Nd2 c5 4. exd5 exd5 5. Bb5+ Nc6 6. Ngf3 Bd6 7. dxc5 Bxc5 8. Nb3 Bb6 9. 0-0 Nge7 10. Re1 0-0 11. Be3 Bf5 12. a4 Be4 13. Bxb6 Qxb6 14. Bd3 Rad8 15. a5 Qc7 16. c3 Nf5 17. Bf1 Rfe8 18. a6 b6 19. Nfd4 Ncxd4 20. Nxd4 Nd6 21. Bb5 Nxb5 22. Nxb5 Qc6 23. Nd4 Qg6 24. f3 Bd3 25. Qa4 Rxe1+ 26. Rxe1 h5 27. Nc6 b5 28. Qh4 Rd7 29. Ne7+ Rxe7 30. Qxe7 Qxa6 31. Qd8+ Kh7 32. Qxd5 Bg6 33. b4 Qa3 34. Qd4 a5 35. bxa5 Qxa5 36. h4 Qc7 37. Re5 Qb8 38. Kf2 f6 39. Re7 Kh8 40. Rd7 Qh2 41. Rd5 Qh1 42. Rxb5 Qc1 43. Rd5 Qc2+ 44. Kg3 Qc1 45. Kh2 1-0

[Event "Cheliabinsk Shusharin Memorial Rapid"]
[Site "Cheliabinsk"]
[Date "2023.11.15"]
[Round "6"]
[White "Vastrukhin, Oleg"]
[Black "Makarian, Rudik"]
[Result "0-1"]
[WhiteElo "2343"]
[BlackElo "2552"]
[PlyCount "82"]
[EventDate "2023.11.15"]
[EventType "swiss (rapid)"]
[EventRounds "11"]
[EventCountry "RUS"]
[SourceTitle "CB47_2023"]
[SourceDate "2023.11.22"]
[SourceVersion "1"]
[SourceVersionDate "2023.11.22"]
[SourceQuality "1"]

1. e4 c5 2. g3 d5 3. d3 Nc6 4. Nd2 d4 5. a4 Nf6 6. Nc4 h5 7. h4 Ng4 8. Bh3 g6 9. f3 Nge5 10. Nxe5 Nxe5 11. Qe2 Bg7 12. Bxc8 Rxc8 13. f4 Ng4 14. Nh3 c4 15. dxc4 0-0 16. 0-0 Qb6 17. Qd3 Ne3 18. b3 Nxc2 19. Rb1 Nb4 20. Qf3 d3+ 21. Kg2 Bc3 22. Be3 Qc6 23. Rbd1 Rcd8 24. f5 d2 25. Nf4 e6 26. Ne2 Rd3 27. fxg6 Nc2 28. gxf7+ Kg7 29. Bh6+ Kxh6 30. Qxd3 Ne1+ 31. Rdxe1 dxe1N+ 32. Rxe1 Bxe1 33. Qe3+ Kh7 34. Nf4 Bb4 35. Qf3 Rxf7 36. Qxh5+ Kg8 37. Qe5 Qd6 38. Qxe6 Qxe6 39. Nxe6 Re7 40. Ng5 Bd2 41. Nf3 Rxe4 0-1

[Event "RUS-chT Rapid"]
[Site "Sochi"]
[Date "2023.10.19"]
[Round "7.8"]
[White "Vastrukhin, Oleg"]
[Black "Zubritskiy, Artyom"]
[Result "1/2-1/2"]
[WhiteElo "2343"]
[BlackElo "2468"]
[PlyCount "63"]
[EventDate "2023.10.18"]
[EventType "team-swiss (rapid)"]
[EventRounds "9"]
[EventCountry "RUS"]
[SourceTitle "Mega2024 Update 01"]
[Source "Chessbase"]
[SourceDate "2023.11.12"]
[SourceVersion "1"]
[SourceVersionDate "2023.11.12"]
[SourceQuality "1"]
[WhiteTeam "Moscow Region Kuban"]
[BlackTeam "St Petersburg SShOR"]
[WhiteTeamCountry "RUS"]
[BlackTeamCountry "RUS"]

1. Nf3 Nf6 2. g3 d5 3. Bg2 e6 4. 0-0 b5 5. d3 Bb7 6. Nbd2 Nbd7 7. e4 dxe4 8. Ng5 Be7 9. Ngxe4 c6 10. a4 a6 11. Nxf6+ Nxf6 12. Ne4 Nxe4 13. Bxe4 Qd7 14. Qh5 g6 15. Qh6 Bf8 16. Qh4 Bg7 17. c3 0-0 18. Bh6 c5 19. Bxg7 Kxg7 20. Qg5 Bxe4 21. dxe4 Qc6 22. Rfd1 bxa4 23. e5 Rab8 24. Rd2 Qe4 25. Qf6+ Kg8 26. Rad1 Qf5 27. Ra1 Qxf6 28. exf6 Rb6 29. Rxa4 e5 30. Rd5 Rxf6 31. Rxc5 Rd8 32. Rxe5 1/2-1/2

[Event "RUS-chT Rapid"]
[Site "Sochi"]
[Date "2023.10.18"]
[Round "5.16"]
[White "Vastrukhin, Oleg"]
[Black "Grachev, Alexey1"]
[Result "0-1"]
[WhiteElo "2343"]
[BlackElo "2406"]
[PlyCount "78"]
[EventDate "2023.10.18"]
[EventType "team-swiss (rapid)"]
[EventRounds "9"]
[EventCountry "RUS"]
[SourceTitle "Mega2024 Update 01"]
[Source "Chessbase"]
[SourceDate "2023.11.12"]
[SourceVersion "1"]
[SourceVersionDate "2023.11.12"]
[SourceQuality "1"]
[WhiteTeam "Moscow Region Kuban"]
[BlackTeam "Novosibirsk Region"]
[WhiteTeamCountry "RUS"]
[BlackTeamCountry "RUS"]

1. Nf3 d5 2. g3 Nd7 3. d4 Nb6 4. a4 a5 5. Nc3 Bf5 6. Nh4 e6 7. Bg2 Bg4 8. Qd3 Be7 9. e4 Nf6 10. h3 Bh5 11. 0-0 c6 12. exd5 Nfxd5 13. Nxd5 Nxd5 14. Nf3 Nb4 15. Qb3 Bg6 16. Ne1 Qc8 17. c3 Nd3 18. Be3 Nxe1 19. Rfxe1 0-0 20. h4 h6 21. Bf4 Rd8 22. Be5 Bd6 23. Bxd6 Rxd6 24. Re5 Qc7 25. Rae1 b6 26. h5 Bh7 27. f4 Rc8 28. Qc4 Qd8 29. R1e3 Kh8 30. g4 Bg8 31. g5 f6 32. gxf6 gxf6 33. R5e4 c5 34. dxc5 Rxc5 35. Qe2 Rd1+ 36. Bf1 Rd2 37. Rd3 Rxe2 38. Bxe2 Qf8 39. c4 Bh7 0-1

[Event "RUS-ch Blitz"]
[Site "Sochi"]
[Date "2023.10.14"]
[Round "3"]
[White "Lintchevski, Daniil"]
[Black "Vastrukhin, Oleg"]
[Result "1-0"]
[WhiteElo "2542"]
[BlackElo "2343"]
[PlyCount "111"]
[EventDate "2023.10.14"]
[EventType "swiss (blitz)"]
[EventRounds "13"]
[EventCountry "RUS"]
[SourceTitle "Mega2024 Update 01"]
[Source "Chessbase"]
[SourceDate "2023.11.12"]
[SourceVersion "1"]
[SourceVersionDate "2023.11.12"]
[SourceQuality "1"]

1. e4 e6 2. d4 d5 3. Nd2 c5 4. Ngf3 Nc6 5. exd5 exd5 6. Bb5 Bd6 7. dxc5 Bxc5 8. 0-0 Nge7 9. Nb3 Bb6 10. h3 0-0 11. Bf4 Bf5 12. Qd2 Be4 13. Nfd4 Rc8 14. c3 Ng6 15. Bg3 Qf6 16. Rad1 Nce5 17. Rfe1 Nc4 18. Bxc4 Rxc4 19. Qe2 Rcc8 20. Nd2 Bxd4 21. Nxe4 dxe4 22. Rxd4 Qe6 23. Qxe4 Qxa2 24. Qxb7 a5 25. Kh2 h6 26. Qb5 f5 27. Bd6 Rfd8 28. Qxf5 Qf7 29. Qxf7+ Kxf7 30. Ree4 Rc6 31. Ba3 Rxd4 32. Rxd4 Ne5 33. Rf4+ Ke6 34. Bf8 Ng6 35. Rf3 Nxf8 36. Rxf8 Rb6 37. Re8+ Kf6 38. Re2 a4 39. f3 h5 40. h4 Kf5 41. Kg3 g6 42. Re4 Rxb2 43. Rxa4 Rc2 44. Ra5+ Kf6 45. Rc5 Kg7 46. Rc7+ Kf6 47. Rc5 Ke6 48. c4 Kf6 49. Rc8 Kf7 50. c5 Kf6 51. c6 Kg7 52. f4 Rc3+ 53. Kf2 Kf6 54. Ke2 Kf5 55. c7 Kg4 56. f5 1-0

[Event "RUS-ch Blitz"]
[Site "Sochi"]
[Date "2023.10.14"]
[Round "11"]
[White "Vastrukhin, Oleg"]
[Black "Babanin, Gleb"]
[Result "0-1"]
[WhiteElo "2343"]
[BlackElo "2163"]
[PlyCount "70"]
[EventDate "2023.10.14"]
[EventType "swiss (blitz)"]
[EventRounds "13"]
[EventCountry "RUS"]
[SourceTitle "Mega2024 Update 01"]
[Source "Chessbase"]
[SourceDate "2023.11.12"]
[SourceVersion "1"]
[SourceVersionDate "2023.11.12"]
[SourceQuality "1"]

1. Nf3 d5 2. g3 c5 3. Bg2 Nc6 4. d4 e6 5. 0-0 cxd4 6. Nxd4 Bc5 7. Nb3 Bb6 8. c4 Nge7 9. cxd5 Nxd5 10. e4 Ndb4 11. Qxd8+ Bxd8 12. Na3 e5 13. Be3 b6 14. Rfd1 Be6 15. Bf1 0-0 16. Bc4 Bg4 17. Rd2 Be7 18. Kg2 Rad8 19. f3 Bc8 20. Nb5 Rxd2+ 21. Bxd2 Rd8 22. Bc3 Nc2 23. Bd5 Ne3+ 24. Kf2 Nxd5 25. exd5 Rxd5 26. Rc1 Rxb5 27. Bxe5 Bc5+ 28. Nxc5 Nxe5 29. Rd1 Rxb2+ 30. Ke3 Nc4+ 31. Kf4 g5+ 32. Kxg5 bxc5 33. Rd8+ Kg7 34. Rxc8 Rxa2 35. Rxc5 Ra5 0-1

[Event "Sochi Pearl Blitz op"]
[Site "Sochi"]
[Date "2023.10.12"]
[Round "6"]
[White "Vastrukhin, Oleg"]
[Black "Zakaryan, David"]
[Result "1-0"]
[WhiteElo "2343"]
[BlackElo "2307"]
[PlyCount "110"]
[EventDate "2023.10.12"]
[EventType "swiss (blitz)"]
[EventRounds "13"]
[EventCountry "RUS"]
[SourceTitle "Mega2024 Update 01"]
[Source "Chessbase"]
[SourceDate "2023.11.12"]
[SourceVersion "1"]
[SourceVersionDate "2023.11.12"]
[SourceQuality "1"]

1. Nf3 Nf6 2. g3 g6 3. Bg2 Bg7 4. 0-0 0-0 5. d4 d6 6. a4 a5 7. Nc3 d5 8. Bf4 c6 9. Qd2 Bf5 10. Nh4 Bc8 11. Bh6 Re8 12. Bxg7 Kxg7 13. Rad1 Qb6 14. b3 e5 15. dxe5 Rxe5 16. Nf3 Re8 17. Qd4 Qxd4 18. Nxd4 Na6 19. Rfe1 Nb4 20. Rd2 h5 21. h4 Bg4 22. f3 Bd7 23. Kf2 Rad8 24. e3 Re7 25. Rde2 Rde8 26. Nd1 c5 27. Nb5 Bc6 28. Rd2 d4 29. e4 Bxb5 30. axb5 Nfd5 31. Ree2 Nc3 32. Nxc3 dxc3 33. Rd1 b6 34. f4 c4 35. bxc4 Rc8 36. Rd6 a4 37. Rd1 a3 38. Ra1 a2 39. e5 Rxc4 40. Bc6 Ra7 41. Ke3 Nxc6 42. bxc6 Rxc6 43. Kd3 Rc5 44. Re4 Rb5 45. Ree1 Rc5 46. Re4 Rb5 47. Ree1 Ra3 48. Kc4 Rb2 49. Rec1 b5+ 50. Kc5 b4 51. Kc4 Ra8 52. Kd4 Rd8+ 53. Kc5 Rd2 54. Kc4 Rg2 55. Kd5 Rgxc2 1-0

[Event "Sochi Pearl Rapid op"]
[Site "Sochi"]
[Date "2023.10.11"]
[Round "11"]
[White "Remizov, Yaroslav"]
[Black "Vastrukhin, Oleg"]
[Result "1-0"]
[WhiteElo "2437"]
[BlackElo "2343"]
[PlyCount "77"]
[EventDate "2023.10.09"]
[EventType "swiss (rapid)"]
[EventRounds "11"]
[EventCountry "RUS"]
[SourceTitle "Mega2024 Update 01"]
[Source "Chessbase"]
[SourceDate "2023.11.12"]
[SourceVersion "1"]
[SourceVersionDate "2023.11.12"]
[SourceQuality "1"]

1. e4 e6 2. d4 d5 3. Nc3 Bb4 4. e5 c5 5. a3 Bxc3+ 6. bxc3 Nc6 7. Qg4 g6 8. Qd1 Qa5 9. Bd2 c4 10. a4 Bd7 11. Nf3 0-0-0 12. Be2 f6 13. 0-0 h6 14. Qc1 g5 15. Qa3 f5 16. Rfb1 Rh7 17. Rb5 Qa6 18. Rab1 b6 19. Ne1 Na5 20. R5b2 Ne7 21. Bh5 Rg7 22. g3 Nec6 23. Ng2 Be8 24. Qf8 Qb7 25. Bxe8 Qc7 26. f3 h5 27. Bxg5 Rxg5 28. Qf6 Qg7 29. Qxe6+ Kc7 30. Nf4 h4 31. Qf7+ Kc8 32. Qxg7 Rxg7 33. Bxc6 hxg3 34. Bxd5 gxh2+ 35. Kh1 Rh8 36. Be6+ Kb8 37. Bxf5 Rf7 38. Ng6 Rh6 39. Be4 1-0